000 00602nam a2200229Ia 4500
001 1981
003 GE_BSU
008 181216s||||||||xx |||||||||||||| ||und||
020 _a591131133Х
040 _cGE_BSU
080 _a340(075.32)
100 _aСмоленский,М.Б.
245 _aОсновы права
245 _bУчебное пособие для среднего проф. образ-я
260 _aМосква
260 _bДашков и К
260 _c2007
300 _a384стр. 20см.
541 _h12л.
653 _aОсновы права
942 _cBK
999 _c36081
_d36081